Principles of wood science and technology / (Record no. 16873)
[ view plain ]
| 000 -LEADER | |
|---|---|
| fixed length control field | 00763nam a2200253 a 4500 |
| 001 - CONTROL NUMBER | |
| control field | 16873 |
| 003 - CONTROL NUMBER IDENTIFIER | |
| rucl marc code | BD-RjUL |
| 005 - DATE AND TIME OF LATEST TRANSACTION | |
| control field | 20211209000048.0 |
| 008 - FIXED-LENGTH DATA ELEMENTS--GENERAL INFORMATION | |
| fixed length control field | 140215s1968 nyu 001 0 eng d |
| 035 ## - SYSTEM CONTROL NUMBER | |
| System control number | (BD-RjUL)16928 |
| 040 ## - CATALOGING SOURCE | |
| Original cataloging agency | ANL |
| Language of cataloging | eng |
| Transcribing agency | ANL |
| Modifying agency | BD-RjUL |
| 041 ## - LANGUAGE CODE | |
| Language code of text/sound track or separate title | eng |
| 082 04 - DEWEY DECIMAL CLASSIFICATION NUMBER | |
| Classification number | 674 |
| Author mark and year | KOP 1968 |
| 100 1# - MAIN ENTRY--PERSONAL NAME | |
| Personal name | Kollmann, Franz F. P. |
| 9 (RLIN) | 52092 |
| 245 10 - TITLE STATEMENT | |
| Title | Principles of wood science and technology / |
| Statement of responsibility, etc. | Franz F. P. Kollmann and Wilfred A. Cote, Jr. |
| Number of part/section of a work | I : |
| Name of part/section of a work | Solid wood |
| 260 ## - PUBLICATION, DISTRIBUTION, ETC. (IMPRINT) | |
| Place of publication, distribution, etc. | New York : |
| Name of publisher, distributor, etc. | Springer, |
| Date of publication, distribution, etc. | c1968. |
| 300 ## - PHYSICAL DESCRIPTION | |
| Pagination | xii, 592 p. : |
| Illustrations | illus. ; |
| Size | 25 cm. |
| 504 ## - BIBLIOGRAPHY, ETC. NOTE | |
| Bibliography, etc | Includes bibliographies and index. |
| 505 0# - FORMATTED CONTENTS NOTE | |
| Formatted contents note | v. 1. Solid wood. |
| 650 #0 - SUBJECT ADDED ENTRY--TOPICAL TERM | |
| Topical term or geographic name as entry element | Wood. |
| 9 (RLIN) | 52093 |
| 700 1# - ADDED ENTRY--PERSONAL NAME | |
| Personal name | Cote, Wilfred A. |
| 942 ## - ADDED ENTRY ELEMENTS (KOHA) | |
| Source of classification or shelving scheme | Dewey Decimal Classification |
| Koha item type | Books |
| Lost status | Source of classification or shelving scheme | Materials specified (bound volume or other part) | Damaged status | Not for loan | Collection code | Permanent Location | Current Location | Shelving location | Date acquired | Source of acquisition | Cost, normal purchase price | Total Checkouts | Full call number | Date last seen | Copy number | Koha item type |
|---|---|---|---|---|---|---|---|---|---|---|---|---|---|---|---|---|
| Dewey Decimal Classification | V-1 | Not For Loan | Non-fiction | Central Library, University of Rajshahi | Central Library, University of Rajshahi | Reading Room | 09/11/1982 | Heffers and sons | 28.60 | 674 KOP 1968 | 15/02/2014 | C-1 | Books |